Makedonskata literatura (od Misirkov do Racin) /

Saved in:
Bibliographic Details
Main Author: Drugovac, Miodrag
Format: Book
Language:Undetermined
Published: Skopje : Prosvetno delo, 1975.
Subjects:
LEADER 00822nam a22002173 4500
001 c000172869
003 CARM
005 20040305103238.0
008 870505s1975 xx 000 0 und d
019 1 |a 27368563  |z 5279328  |5 LACONCORD2021 
035 |a (OCoLC)16722691  |5 LACONCORD2021 
040 |a ANL  |b eng  |c ANL  |d ANL 
082 0 4 |a 891.81909 
100 1 |a Drugovac, Miodrag. 
245 1 0 |a Makedonskata literatura (od Misirkov do Racin) /  |c Miodrag Drugovac. 
260 |a Skopje : Prosvetno delo, 1975. 
300 |a 226 p. ; 24 cm. 
650 0 |a Macedonian literature  |x History and criticism. 
852 8 |b CARM  |h A2:AN18F0  |i C06189  |p 0165659  |f BK 
999 f f |i 52f83f00-edab-5790-a8b6-6b43416536df  |s 30d039bb-d278-537b-b054-ad9de5bb8a78 
952 f f |p Can circulate  |a CAVAL  |b CAVAL  |c CAVAL  |d CARM 1 Store  |e C06189  |f A2:AN18F0  |h Other scheme  |i book  |m 0165659